Popes - sudden death - Statistics

General Stats
  • This quiz has been taken 232 times
  • The average score is 6 of 15
Answers on the Grid
Answers color-coded by a green-red scale on the quiz's grid according to % correct below.
Andrew
Claudius
Clementine
Cornelius
Dionysius
Eubuleus
Eugene
Felix
Hadrian
Hilarius
Hyginus
Innocent
Lando
Liberius
Martin
Matthew
Modestus
Pelagius
Pius
Pluvius
Quintus
Sixtus
Sylvester
Telemachus
Valentine
 
Answer Stats
Answer % Correct
Pius
67%
Innocent
64%
Sixtus
59%
Felix
50%
Sylvester
48%
Dionysius
40%
Martin
38%
Valentine
37%
Eugene
36%
Lando
35%
Cornelius
32%
Hyginus
31%
Hilarius
30%
Pelagius
27%
Liberius
20%
No matching quizzes found
Score Distribution
Percent of People with Each Score
Percentile by Number Answered
Your Score History
You have not taken this quiz